[Event "NOR-chT Clubs"]
[Site "Drammen"]
[Date "2022.05.26"]
[Round "6"]
[White "Thjomoe, Hans Richard"]
[Black "Seglem, Ole Andre"]
[Result "1/2-1/2"]
[WhiteElo "1855"]
[BlackElo "1526"]
[PlyCount "75"]
[EventDate "2022.05.26"]
[EventType "team-swiss"]
[EventRounds "6"]
[EventCountry "NOR"]
[SourceTitle "EXT 2024"]
[Source "ChessBase"]
[SourceDate "2023.10.10"]
[SourceVersion "1"]
[SourceVersionDate "2023.10.10"]
[SourceQuality "1"]
[WhiteTeam "Drammen"]
[BlackTeam "Haugaland II"]
[WhiteTeamCountry "NOR"]
[BlackTeamCountry "NOR"]

1. c4 Nf6 2. Nc3 e6 3. e4 Bb4 4. f3 Bxc3 5. dxc3 Nxe4 6. fxe4 Qh4+ 7. Kd2 Qxe4 8. Nf3 b6 9. Bd3 Qg4 10. Qe2 Bb7 11. Rf1 d6 12. Kc2 Nd7 13. Be3 h6 14. Qf2 e5 15. h3 Qe6 16. Nd2 g6 17. b3 f5 18. Qe2 e4 19. Bxe4 Bxe4+ 20. Nxe4 Qxe4+ 21. Kd2 0-0-0 22. Rf4 Qe7 23. Qf3 Kb8 24. a4 Nc5 25. Bxc5 dxc5+ 26. Kc2 Rhe8 27. Rd1 Rxd1 28. Qxd1 Qe2+ 29. Qd2 Qxd2+ 30. Kxd2 Kc8 31. g4 Re5 32. gxf5 gxf5 33. Rh4 Re6 34. Rh5 Rf6 35. Ke3 Kd7 36. Kf4 Ke6 37. Rh4 Rg6 38. Rh5 1/2-1/2

[Event "EUR-chT Seniors 65"]
[Site "Prague"]
[Date "2021.08.31"]
[Round "2.3"]
[White "Kretschmer, Wolfgang2222"]
[Black "Thjomoe, Hans Richard"]
[Result "0-1"]
[WhiteElo "1731"]
[BlackElo "1856"]
[PlyCount "32"]
[EventDate "2021.08.30"]
[EventType "team-swiss"]
[EventRounds "9"]
[EventCountry "CZE"]
[SourceTitle "CBM 204 Extra"]
[Source "ChessBase"]
[SourceDate "2021.11.30"]
[SourceVersion "1"]
[SourceVersionDate "2021.11.30"]
[SourceQuality "1"]
[WhiteTeam "Dresden Springer 65"]
[BlackTeam "Golden Oldies 65"]
[WhiteTeamCountry "GER"]
[BlackTeamCountry "NOR"]

1. d4 e6 2. c4 f5 3. g3 Nf6 4. Nc3 Be7 5. Bg2 d6 6. Nf3 0-0 7. 0-0 Ne4 8. Be3 Nxc3 9. bxc3 Nc6 10. Rb1 Na5 11. Nd2 Rb8 12. d5 b6 13. dxe6 Bxe6 14. Bd5 Qd7 15. Rb4 c6 16. Qa4 cxd5 0-1

[Event "WchT Seniors 65"]
[Site "Prague"]
[Date "2020.03.11"]
[Round "6.4"]
[White "Thjomoe, Hans Richard"]
[Black "Taylor, Robert Graham"]
[Result "1/2-1/2"]
[WhiteElo "1874"]
[BlackElo "1840"]
[PlyCount "34"]
[EventDate "2020.03.06"]
[EventType "team-swiss"]
[EventRounds "7"]
[EventCountry "CZE"]
[SourceTitle "CBM 195 Extra"]
[Source "ChessBase"]
[SourceDate "2020.05.31"]
[SourceVersion "1"]
[SourceVersionDate "2020.05.31"]
[SourceQuality "1"]
[WhiteTeam "Norway 65 II"]
[BlackTeam "Wales 65"]
[WhiteTeamCountry "NOR"]
[BlackTeamCountry "WLS"]

1. e4 c5 2. Nc3 Nc6 3. f4 g6 4. Nf3 Bg7 5. Bb5 d6 6. Bxc6+ bxc6 7. 0-0 Nf6 8. d3 0-0 9. Qe1 Rb8 10. Qh4 e6 11. f5 exf5 12. Rb1 Ng4 13. Bg5 f6 14. Bd2 d5 15. Qg3 Be6 16. exf5 Bxf5 17. Nh4 Bd7 1/2-1/2

[Event "Wch Seniors 65 29th"]
[Site "Bucharest"]
[Date "2019.11.16"]
[Round "5"]
[White "Thjomoe, Hans Richard"]
[Black "Bancu, Constantin"]
[Result "1-0"]
[WhiteElo "1870"]
[BlackElo "1576"]
[PlyCount "97"]
[EventDate "2019.11.12"]
[EventType "swiss"]
[EventRounds "11"]
[EventCountry "ROU"]
[SourceTitle "CBM 193 Extra"]
[Source "ChessBase"]
[SourceDate "2020.01.31"]
[SourceVersion "1"]
[SourceVersionDate "2020.01.31"]
[SourceQuality "1"]

1. e4 c5 2. Nc3 Nc6 3. f4 a6 4. Nf3 d6 5. d4 cxd4 6. Nxd4 Nf6 7. Be2 Qb6 8. Be3 Nxd4 9. Bxd4 Qc6 10. e5 Ne4 11. 0-0 Nxc3 12. Bxc3 Bf5 13. Bf3 Qc7 14. g4 Bd7 15. exd6 Qb6+ 16. Kg2 e6 17. Qd2 0-0-0 18. Ba5 Qxd6 19. Qc3+ Qc5 20. Bxd8 Kxd8 21. Bxb7 Qxc3 22. bxc3 Bb5 23. Rfd1+ Kc7 24. Bf3 Bd6 25. Rab1 Bxf4 26. a4 Bc6 27. Bxc6 Kxc6 28. Rb4 Bd6 29. Rc4+ Bc5 30. Rf4 f6 31. Re4 e5 32. h4 Re8 33. c4 g6 34. Rd5 Rb8 35. g5 Bd4 36. gxf6 Rf8 37. Ra5 Kb6 38. Rexe5 Bxe5 39. Rxe5 Rxf6 40. Kg3 Rc6 41. a5+ Kb7 42. c5 Kc7 43. Kf4 h6 44. Ke4 Rf6 45. Kd5 Rf4 46. Re7+ Kd8 47. Re6 Rxh4 48. Rxg6 Rh2 49. Rxa6 1-0

[Event "Gibraltar Amateur op-B"]
[Site "Caleta"]
[Date "2019.01.29"]
[Round "4"]
[White "Krause, Helmut"]
[Black "Thjomoe, Hans Richard"]
[Result "0-1"]
[WhiteElo "1668"]
[BlackElo "1836"]
[PlyCount "58"]
[EventDate "2019.01.26"]
[EventType "swiss"]
[EventRounds "5"]
[EventCountry "GGB"]
[SourceTitle "EXT 2021"]
[Source "ChessBase"]
[SourceDate "2020.10.23"]
[SourceVersion "1"]
[SourceVersionDate "2020.10.23"]
[SourceQuality "1"]

1. d4 Nf6 2. Nf3 g6 3. Nc3 Bg7 4. e4 d6 5. Be3 0-0 6. Be2 Re8 7. Qd2 Ng4 8. Bg5 h6 9. Bf4 e5 10. Bg3 exd4 11. Nxd4 Nc6 12. Nxc6 bxc6 13. f3 Nf6 14. 0-0 Be6 15. Rad1 Qe7 16. Bd3 Rad8 17. Bf4 Qf8 18. Be3 d5 19. Qf2 Qb4 20. Rb1 d4 21. Bxh6 Bxh6 22. Qh4 Be3+ 23. Kh1 Kg7 24. e5 Nd7 25. Ne4 Rh8 26. Qg3 Rxh2+ 27. Qxh2 Rh8 28. Qxh8+ Kxh8 29. a3 Qf8 0-1

[Event "EU-chT Seniors 50"]
[Site "Chalkidiki"]
[Date "2016.04.20"]
[Round "2.3"]
[White "Thjomoe, Hans Richard"]
[Black "Soffer, Ram"]
[Result "0-1"]
[WhiteElo "1915"]
[BlackElo "2488"]
[PlyCount "96"]
[EventDate "2016.04.19"]
[EventType "team-tourn"]
[EventRounds "7"]
[EventCountry "GRE"]
[SourceTitle "CBM 172 Extra"]
[Source "ChessBase"]
[SourceDate "2016.06.21"]
[SourceVersion "1"]
[SourceVersionDate "2016.06.21"]
[SourceQuality "1"]
[WhiteTeam "Norway"]
[BlackTeam "Israel"]
[WhiteTeamCountry "NOR"]
[BlackTeamCountry "ISR"]

1. e4 c5 2. Nc3 a6 3. g3 b5 4. Bg2 Bb7 5. Nge2 e6 6. 0-0 b4 7. Nb1 Nf6 8. d3 d5 9. Nd2 Be7 10. a3 Nc6 11. exd5 exd5 12. axb4 cxb4 13. Nb3 0-0 14. Be3 Re8 15. Ned4 Nxd4 16. Nxd4 Qd7 17. Qf3 Bc8 18. h3 a5 19. g4 h6 20. Nf5 Qd8 21. Nxe7+ Qxe7 22. g5 hxg5 23. Bxg5 Ra6 24. Qg3 Qc5 25. Rfe1 Ree6 26. Bxf6 Rxe1+ 27. Rxe1 Rxf6 28. Re8+ Kh7 29. Qh4+ Rh6 30. Qd8 Be6 31. Rh8+ Kg6 32. Rxh6+ gxh6 33. Qg8+ Kf6 34. Qh8+ Ke7 35. Qxh6 Qxc2 36. Qg5+ Kd7 37. Bxd5 Qxb2 38. Bxe6+ Kxe6 39. Qxa5 Qc1+ 40. Kg2 Qc6+ 41. f3 b3 42. Qe1+ Kd7 43. Qe5 Qc2+ 44. Kg1 b2 45. Qd5+ Kc7 46. Qxf7+ Kb6 47. Qe6+ Kb5 48. Qe8+ Qc6 0-1

[Event "EU-chT Seniors 50"]
[Site "Chalkidiki"]
[Date "2016.04.19"]
[Round "1.3"]
[White "Bruno, Fabio"]
[Black "Thjomoe, Hans Richard"]
[Result "1-0"]
[WhiteElo "2427"]
[BlackElo "1915"]
[PlyCount "85"]
[EventDate "2016.04.19"]
[EventType "team-tourn"]
[EventRounds "7"]
[EventCountry "GRE"]
[SourceTitle "CBM 172 Extra"]
[Source "ChessBase"]
[SourceDate "2016.06.21"]
[SourceVersion "1"]
[SourceVersionDate "2016.06.21"]
[SourceQuality "1"]
[WhiteTeam "Italy"]
[BlackTeam "Norway"]
[WhiteTeamCountry "ITA"]
[BlackTeamCountry "NOR"]

1. d4 f5 2. g3 Nf6 3. Bg2 e6 4. Nf3 Be7 5. 0-0 0-0 6. c4 d6 7. Nc3 Qe8 8. b3 Qh5 9. Bb2 g5 10. e3 Qg6 11. Ne1 Nc6 12. Nd3 a5 13. d5 Nd8 14. f4 c6 15. Qd2 Ne4 16. Nxe4 fxe4 17. Nf2 exd5 18. cxd5 gxf4 19. exf4 cxd5 20. Qxd5+ Be6 21. Qxe4 Qxe4 22. Nxe4 d5 23. Ng5 Bxg5 24. fxg5 a4 25. Rxf8+ Kxf8 26. Rd1 axb3 27. axb3 Ra5 28. b4 Ra2 29. Bf6 Nc6 30. b5 Ne7 31. Bxe7+ Kxe7 32. Bxd5 Bxd5 33. Rxd5 Ke6 34. Rc5 Kd6 35. Rf5 Rb2 36. h4 Ke6 37. Rf6+ Ke5 38. b6 h6 39. Rxh6 Kf5 40. g6 Rb3 41. Kh2 Kf6 42. Kh3 Kg7 43. Rh7+ 1-0

[Event "Nordic-ch Seniors"]
[Site "Bornholm"]
[Date "2013.09.14"]
[Round "7"]
[White "Nielsen, Jens Holm"]
[Black "Thjomoe, Hans Richard"]
[Result "0-1"]
[WhiteElo "1847"]
[BlackElo "1862"]
[PlyCount "120"]
[EventDate "2013.09.07"]
[EventType "swiss"]
[EventRounds "9"]
[EventCountry "DEN"]
[SourceTitle "CBM 156 Extra"]
[Source "ChessBase"]
[SourceDate "2013.10.22"]
[SourceVersion "1"]
[SourceVersionDate "2013.10.22"]
[SourceQuality "1"]

1. f4 e5 2. e4 d5 3. exd5 e4 4. d3 Nf6 5. dxe4 Nxe4 6. Qe2 Qxd5 7. Nc3 Bb4 8. Bd2 Qxd2+ 9. Qxd2 Nxd2 10. Kxd2 0-0 11. Bd3 Nd7 12. a3 Bd6 13. Rf1 Nc5 14. Nge2 Nxd3 15. cxd3 Bd7 16. Ne4 Be7 17. Rhg1 Rad8 18. N2c3 Bc6 19. g4 b5 20. b4 a5 21. Nc5 axb4 22. axb4 Rd4 23. Na6 Rfd8 24. Rg3 Bxb4 25. Nxb4 Rxb4 26. Kc2 Rbd4 27. Rb1 Rxf4 28. Nxb5 Bxb5 29. Rxb5 Rf2+ 30. Kc3 Rxh2 31. Rb7 Rh1 32. Kd2 Rc8 33. d4 h5 34. gxh5 Rxh5 35. Kd3 c5 36. Rf3 c4+ 37. Kc3 f6 38. Rg3 Rg5 39. Re3 Ra5 40. Ree7 Ra3+ 41. Kc2 Rg3 42. d5 Rd8 43. Rbd7 Rxd7 44. Rxd7 Rd3 45. d6 g5 46. Rd8+ Kf7 47. Rd7+ Ke6 48. Rc7 Rxd6 49. Rxc4 Ke5 50. Rc7 g4 51. Rc5+ Kf4 52. Rc4+ Kf3 53. Rc3+ Kf2 54. Rc4 g3 55. Rf4+ Kg1 56. Rg4 g2 57. Rf4 f5 58. Rxf5 Rh6 59. Kd2 Kh1 60. Ke2 g1Q 0-1

[Event "Nordic-ch Seniors"]
[Site "Bornholm"]
[Date "2013.09.08"]
[Round "2"]
[White "Thjomoe, Hans Richard"]
[Black "Larsen, Hans Haagen"]
[Result "1-0"]
[WhiteElo "1862"]
[BlackElo "1704"]
[PlyCount "69"]
[EventDate "2013.09.07"]
[EventType "swiss"]
[EventRounds "9"]
[EventCountry "DEN"]
[SourceTitle "CBM 156 Extra"]
[Source "ChessBase"]
[SourceDate "2013.10.22"]
[SourceVersion "1"]
[SourceVersionDate "2013.10.22"]
[SourceQuality "1"]

1. e4 e6 2. d4 d5 3. Nd2 c5 4. c3 cxd4 5. cxd4 dxe4 6. Nxe4 Nd7 7. Nf3 Ngf6 8. Ng3 Bb4+ 9. Bd2 Nd5 10. Bc4 Bxd2+ 11. Qxd2 N7f6 12. 0-0 Bd7 13. Ne5 Rc8 14. f3 a6 15. Ne4 0-0 16. Rfe1 Nb6 17. Bb3 Bb5 18. Rad1 Qe7 19. Qg5 Nfd5 20. Qg3 Nc4 21. Qf2 Ncb6 22. f4 f6 23. Nd3 Rc6 24. Nec5 Bxd3 25. Rxd3 Re8 26. f5 e5 27. Qf3 Rxc5 28. dxc5 Qxc5+ 29. Kh1 e4 30. Qd1 Re5 31. Rd4 Rxf5 32. Rexe4 g6 33. g4 Re5 34. Rxe5 fxe5 35. Rxd5 1-0

[Event "Nordic-ch Seniors"]
[Site "Bornholm"]
[Date "2013.09.07"]
[Round "1"]
[White "Christiansen, Niels Jorgen"]
[Black "Thjomoe, Hans Richard"]
[Result "1/2-1/2"]
[WhiteElo "1669"]
[BlackElo "1862"]
[PlyCount "66"]
[EventDate "2013.09.07"]
[EventType "swiss"]
[EventRounds "9"]
[EventCountry "DEN"]
[SourceTitle "CBM 156 Extra"]
[Source "ChessBase"]
[SourceDate "2013.10.22"]
[SourceVersion "1"]
[SourceVersionDate "2013.10.22"]
[SourceQuality "1"]

1. d4 Nf6 2. c4 g6 3. Nc3 Bg7 4. e4 d6 5. Nf3 0-0 6. Bg5 h6 7. Bh4 g5 8. Bg3 Bg4 9. Be2 Nc6 10. h4 Nh7 11. e5 f5 12. hxg5 Bxf3 13. Bxf3 Nxg5 14. Bxc6 bxc6 15. f4 Ne6 16. d5 Nc5 17. Qf3 dxe5 18. fxe5 e6 19. Bf4 exd5 20. Qg3 Qe8 21. 0-0-0 dxc4 22. Bxh6 Qxe5 23. Qxe5 Bxe5 24. Bxf8 Nd3+ 25. Rxd3 cxd3 26. Bc5 Re8 27. Rf1 f4 28. Kd2 Re6 29. Rf3 Rg6 30. Rxd3 Rxg2+ 31. Ne2 Bxb2 32. Ke1 Be5 33. Bxa7 Bd6 1/2-1/2

[Event "Reykjavik op"]
[Site "Reykjavik"]
[Date "2012.03.11"]
[Round "7"]
[White "Arnljotsson, Jon H"]
[Black "Thjomoe, Hans Richard"]
[Result "1-0"]
[WhiteElo "2098"]
[BlackElo "1926"]
[PlyCount "53"]
[EventDate "2012.03.06"]
[EventType "swiss"]
[EventRounds "9"]
[EventCountry "ISL"]
[SourceTitle "CBM 147 Extra"]
[Source "ChessBase"]
[SourceDate "2012.04.24"]
[SourceVersion "1"]
[SourceVersionDate "2012.04.24"]
[SourceQuality "1"]

1. d4 Nf6 2. c4 g6 3. Nc3 Bg7 4. g3 d6 5. Bg2 0-0 6. Nf3 Nbd7 7. 0-0 c6 8. Qc2 d5 9. cxd5 Nxd5 10. e4 Nxc3 11. bxc3 e5 12. Bb2 Re8 13. Rad1 Qa5 14. Ba1 exd4 15. cxd4 Nf6 16. Ne5 Be6 17. Rd2 Rad8 18. Rb1 Re7 19. Bc3 Qc7 20. f4 Ng4 21. Nxg4 Bxg4 22. Qb2 Bc8 23. e5 Be6 24. Rc1 Bd5 25. Bb4 Ree8 26. Bd6 Qc8 27. Bxd5 1-0

[Event "Drammen CC-ch Class1"]
[Site "Drammen"]
[Date "2011.04.05"]
[Round "8"]
[White "Roholdt, Njaal"]
[Black "Thjomoe, Hans Richard"]
[Result "0-1"]
[WhiteElo "1382"]
[BlackElo "1696"]
[PlyCount "128"]
[EventDate "2011.01.11"]
[EventType "swiss"]
[EventRounds "9"]
[EventCountry "NOR"]
[SourceTitle "EXT 2024"]
[Source "ChessBase"]
[SourceDate "2023.10.10"]
[SourceVersion "1"]
[SourceVersionDate "2023.10.10"]
[SourceQuality "1"]

1. e4 e5 2. Nf3 Nc6 3. Bb5 a6 4. Ba4 Nf6 5. d3 Be7 6. 0-0 d6 7. Bg5 Bg4 8. Nbd2 b5 9. Bb3 Nd4 10. Be3 c5 11. Bxd4 cxd4 12. Rc1 0-0 13. c4 Nd7 14. cxb5 axb5 15. Bd5 Rb8 16. b4 Nb6 17. Bc6 Na4 18. Nb1 Qb6 19. Bd5 Kh8 20. Rc6 Qd8 21. Qb3 Bd7 22. Rc2 f5 23. exf5 Rxf5 24. Be6 Rf8 25. Rfc1 Nb6 26. Bxd7 Qxd7 27. Rc7 Qg4 28. h3 Qf4 29. Nbd2 Bh4 30. g3 Bxg3 31. fxg3 Qxg3+ 32. Kh1 Qxh3+ 33. Kg1 Qg3+ 34. Kf1 Rxf3+ 35. Nxf3 Qxf3+ 36. Kg1 Rf8 37. Qc2 h6 38. Qg2 Qe3+ 39. Kh1 g5 40. Rf1 Rxf1+ 41. Qxf1 Qf4 42. Qg2 e4 43. dxe4 Qh4+ 44. Kg1 Qe1+ 45. Kh2 Nc4 46. Qf3 Qh4+ 47. Kg1 Qf4 48. Qh5 Qe3+ 49. Kh2 Qf4+ 50. Kg1 Qg3+ 51. Kh1 Qh4+ 52. Qxh4 gxh4 53. Rf7 d3 54. Rf3 Ne5 55. Rf6 Nc4 56. Rf3 Nb2 57. Rf2 Nc4 58. Rf3 d2 59. Rd3 Kg7 60. Kg1 Kf6 61. Rd5 Ke6 62. a4 bxa4 63. b5 a3 64. b6 a2 0-1